Lessons in structuring derivatives exchanges (Record no. 44805)

000 -LEADER
fixed length control field 00397pab a2200157 454500
008 - FIXED-LENGTH DATA ELEMENTS--GENERAL INFORMATION
fixed length control field 180718b2000 xxu||||| |||| 00| 0 eng d
100 ## - MAIN ENTRY--PERSONAL NAME
Personal name Tsetsekos, George
245 ## - TITLE STATEMENT
Title Lessons in structuring derivatives exchanges
260 ## - PUBLICATION, DISTRIBUTION, ETC.
Date of publication, distribution, etc. 2000
300 ## - PHYSICAL DESCRIPTION
Extent p.85-98
362 ## - DATES OF PUBLICATION AND/OR SEQUENTIAL DESIGNATION
Dates of publication and/or sequential designation Feb
650 ## - SUBJECT ADDED ENTRY--TOPICAL TERM
Topical term or geographic name entry element Exchange rates
700 ## - ADDED ENTRY--PERSONAL NAME
Personal name Varangis, Panos
773 ## - HOST ITEM ENTRY
Main entry heading World Bank Research Observer
909 ## -
-- 44805
Holdings
Withdrawn status Lost status Damaged status Not for loan Permanent Location Current Location Date acquired Serial Enumeration / chronology Barcode Date last seen Price effective from Koha item type
        Indian Institute of Public Administration Indian Institute of Public Administration 2018-07-19 Volume no: 15, Issue no: 1 AR45218 2018-07-19 2018-07-19 Articles

Powered by Koha